<?xml version="1.0" encoding="UTF-8"?>
<record
    xmlns:xsi="http://www.w3.org/2001/XMLSchema-instance"
    xsi:schemaLocation="http://www.loc.gov/MARC21/slim http://www.loc.gov/standards/marcxml/schema/MARC21slim.xsd"
    xmlns="http://www.loc.gov/MARC21/slim">

  <leader>01587nam a2200325 i 4500</leader>
  <controlfield tag="003">EG-GICUC</controlfield>
  <controlfield tag="005">20260121101646.0</controlfield>
  <controlfield tag="008">260104s1978    ua ||||fr|||| 001 0 ara d</controlfield>
  <datafield tag="017" ind1=" " ind2=" ">
    <subfield code="a">2099 &#x644;&#x633;&#x646;&#x629; 1978</subfield>
  </datafield>
  <datafield tag="040" ind1=" " ind2=" ">
    <subfield code="a"> EG-GICUC</subfield>
    <subfield code="b">ara</subfield>
    <subfield code="c"> EG-GICUC</subfield>
    <subfield code="d"> EG-GICUC</subfield>
    <subfield code="e">rda</subfield>
  </datafield>
  <datafield tag="041" ind1=" " ind2=" ">
    <subfield code="a">ara</subfield>
  </datafield>
  <datafield tag="082" ind1="0" ind2="4">
    <subfield code="a">343.433</subfield>
    <subfield code="b">&#x645; &#x62D; . &#x62C;</subfield>
    <subfield code="2">21</subfield>
  </datafield>
  <datafield tag="092" ind1="0" ind2="4">
    <subfield code="2">21</subfield>
  </datafield>
  <datafield tag="099" ind1=" " ind2=" ">
    <subfield code="a">Law1 10 343.433 &#x645; &#x62D; . &#x62C; ed 1 - 1978 1006767</subfield>
  </datafield>
  <datafield tag="100" ind1="0" ind2=" ">
    <subfield code="a">&#x645;&#x62D;&#x645;&#x62F; &#x639;&#x632;&#x645;&#x64A; &#x627;&#x644;&#x628;&#x643;&#x631;&#x64A;.</subfield>
    <subfield code="e">&#x645;&#x624;&#x644;&#x641;.</subfield>
  </datafield>
  <datafield tag="245" ind1="1" ind2="0">
    <subfield code="a">&#x62C;&#x631;&#x627;&#x626;&#x645; &#x627;&#x644;&#x62A;&#x634;&#x631;&#x62F; &#x648;&#x627;&#x644;&#x627;&#x634;&#x62A;&#x628;&#x627;&#x647; &#x641;&#x64A; &#x627;&#x644;&#x642;&#x627;&#x646;&#x648;&#x646; &#x627;&#x644;&#x645;&#x635;&#x631;&#x64A; : </subfield>
    <subfield code="b">&#x634;&#x631;&#x62D; &#x62A;&#x641;&#x635;&#x64A;&#x644;&#x64A; &#x648;&#x62A;&#x639;&#x644;&#x64A;&#x642; &#x628;&#x622;&#x631;&#x627;&#x621; &#x627;&#x644;&#x641;&#x642;&#x647;&#x627;&#x621; &#x648;&#x62C;&#x645;&#x64A;&#x639; &#x623;&#x62D;&#x643;&#x627;&#x645; &#x627;&#x644;&#x646;&#x642;&#x636; &#x639;&#x644;&#x649; &#x62C;&#x645;&#x64A;&#x639; &#x645;&#x648;&#x627;&#x62F; &#x627;&#x644;&#x645;&#x631;&#x633;&#x648;&#x645; &#x628;&#x642;&#x627;&#x646;&#x648;&#x646; &#x631;&#x642;&#x645; 98 &#x644;&#x633;&#x646;&#x629; 1945 &#x648;&#x627;&#x644;&#x642;&#x627;&#x646;&#x648;&#x646; &#x631;&#x642;&#x645; 74 &#x644;&#x633;&#x646;&#x629; 1970 &#x641;&#x64A; &#x634;&#x623;&#x646; &#x648;&#x636;&#x639; &#x628;&#x639;&#x636; &#x627;&#x644;&#x645;&#x634;&#x62A;&#x628;&#x647; &#x641;&#x64A;&#x647;&#x645; &#x62A;&#x62D;&#x62A; &#x645;&#x631;&#x627;&#x642;&#x628;&#x629; &#x627;&#x644;&#x634;&#x631;&#x637;&#x629;&#x60C; &#x648;&#x645;&#x627; &#x64A;&#x62A;&#x639;&#x644;&#x642; &#x628;&#x647;&#x645;&#x627; &#x645;&#x646; &#x623;&#x62D;&#x643;&#x627;&#x645; &#x645;&#x631;&#x627;&#x642;&#x628;&#x629; &#x627;&#x644;&#x634;&#x631;&#x637;&#x629; / </subfield>
    <subfield code="c">&#x645;&#x62D;&#x645;&#x62F; &#x639;&#x632;&#x645;&#x64A; &#x627;&#x644;&#x628;&#x643;&#x631;&#x64A;.</subfield>
  </datafield>
  <datafield tag="250" ind1=" " ind2=" ">
    <subfield code="a">&#x627;&#x644;&#x637;&#x628;&#x639;&#x629; &#x627;&#x644;&#x623;&#x648;&#x644;&#x649;&#x60C;</subfield>
  </datafield>
  <datafield tag="264" ind1=" " ind2="1">
    <subfield code="a">&#x637;&#x646;&#x637;&#x627;&#x60C; &#x645;&#x635;&#x631; : </subfield>
    <subfield code="b">&#x627;&#x644;&#x645;&#x643;&#x62A;&#x628;&#x629; &#x627;&#x644;&#x642;&#x648;&#x645;&#x64A;&#x629; &#x627;&#x644;&#x62D;&#x62F;&#x64A;&#x62B;&#x629;&#x60C;</subfield>
    <subfield code="c">1978.</subfield>
  </datafield>
  <datafield tag="300" ind1=" " ind2=" ">
    <subfield code="a">206 &#x635;&#x641;&#x62D;&#x629; &#x61B;</subfield>
    <subfield code="c">24 &#x633;&#x645;.</subfield>
  </datafield>
  <datafield tag="336" ind1=" " ind2=" ">
    <subfield code="2">rda content</subfield>
    <subfield code="a">text</subfield>
  </datafield>
  <datafield tag="337" ind1=" " ind2=" ">
    <subfield code="2">rda media</subfield>
    <subfield code="a">Computer</subfield>
  </datafield>
  <datafield tag="338" ind1=" " ind2=" ">
    <subfield code="2">rda carrier</subfield>
    <subfield code="a">Online Resource</subfield>
  </datafield>
  <datafield tag="504" ind1=" " ind2=" ">
    <subfield code="a">&#x64A;&#x634;&#x62A;&#x645;&#x644; &#x639;&#x644;&#x649; &#x627;&#x631;&#x62C;&#x627;&#x639;&#x627;&#x62A; &#x628;&#x628;&#x644;&#x64A;&#x648;&#x62C;&#x631;&#x627;&#x641;&#x64A;&#x629;.</subfield>
  </datafield>
  <datafield tag="546" ind1=" " ind2=" ">
    <subfield code="a">&#x627;&#x644;&#x646;&#x635; &#x628;&#x627;&#x644;&#x644;&#x63A;&#x629; &#x627;&#x644;&#x639;&#x631;&#x628;&#x64A;&#x629;</subfield>
  </datafield>
  <datafield tag="650" ind1="1" ind2=" ">
    <subfield code="a">&#x627;&#x644;&#x62A;&#x634;&#x631;&#x64A;&#x639; &#x627;&#x644;&#x62E;&#x627;&#x635; &#x628;&#x627;&#x644;&#x62A;&#x634;&#x631;&#x62F; &#x648;&#x627;&#x644;&#x62A;&#x633;&#x648;&#x644;</subfield>
    <subfield code="2">qrmak</subfield>
  </datafield>
  <datafield tag="651" ind1="1" ind2=" ">
    <subfield code="2">qrmak</subfield>
  </datafield>
  <datafield tag="856" ind1="4" ind2="0">
    <subfield code="u">https://fll.law.cu.edu.eg/fulltext/bks/B10-06767.pdf</subfield>
  </datafield>
  <datafield tag="905" ind1=" " ind2=" ">
    <subfield code="a">18</subfield>
  </datafield>
  <datafield tag="942" ind1=" " ind2=" ">
    <subfield code="2">ddc</subfield>
    <subfield code="n">0</subfield>
    <subfield code="c">BK</subfield>
    <subfield code="e">21</subfield>
  </datafield>
  <datafield tag="999" ind1=" " ind2=" ">
    <subfield code="c">54488</subfield>
    <subfield code="d">54488</subfield>
  </datafield>
  <datafield tag="952" ind1=" " ind2=" ">
    <subfield code="0">0</subfield>
    <subfield code="1">0</subfield>
    <subfield code="2">ddc</subfield>
    <subfield code="4">0</subfield>
    <subfield code="7">1</subfield>
    <subfield code="8">&#x627;&#x644;&#x642;&#x627;&#x646;&#x648;&#x646; &#x627;&#x644;&#x62C;&#x646;&#x627;&#x626;&#x64A;</subfield>
    <subfield code="a">CU</subfield>
    <subfield code="b">LAW1</subfield>
    <subfield code="d">2026-01-04</subfield>
    <subfield code="l">0</subfield>
    <subfield code="o">Law1 10 343.433 &#x645; &#x62D; . &#x62C; ed 1 - 1978 1006767 C1</subfield>
    <subfield code="p">B10-06767</subfield>
    <subfield code="r">2026-01-04 22:01:08</subfield>
    <subfield code="t">1</subfield>
    <subfield code="w">2026-01-04</subfield>
    <subfield code="y">BK</subfield>
  </datafield>
  <datafield tag="952" ind1=" " ind2=" ">
    <subfield code="0">0</subfield>
    <subfield code="1">0</subfield>
    <subfield code="2">ddc</subfield>
    <subfield code="4">0</subfield>
    <subfield code="7">0</subfield>
    <subfield code="8">&#x627;&#x644;&#x642;&#x627;&#x646;&#x648;&#x646; &#x627;&#x644;&#x62C;&#x646;&#x627;&#x626;&#x64A;</subfield>
    <subfield code="a">CU</subfield>
    <subfield code="b">LAW1</subfield>
    <subfield code="d">2026-01-04</subfield>
    <subfield code="l">0</subfield>
    <subfield code="o">Law1 10 343.433 &#x645; &#x62D; . &#x62C; ed 1 - 1978 1006768 C2</subfield>
    <subfield code="p">B10-06768</subfield>
    <subfield code="r">2026-01-04 22:01:58</subfield>
    <subfield code="t">2</subfield>
    <subfield code="w">2026-01-04</subfield>
    <subfield code="y">BK</subfield>
  </datafield>
  <datafield tag="952" ind1=" " ind2=" ">
    <subfield code="0">0</subfield>
    <subfield code="1">0</subfield>
    <subfield code="2">ddc</subfield>
    <subfield code="4">0</subfield>
    <subfield code="7">0</subfield>
    <subfield code="8">&#x627;&#x644;&#x642;&#x627;&#x646;&#x648;&#x646; &#x627;&#x644;&#x62C;&#x646;&#x627;&#x626;&#x64A;</subfield>
    <subfield code="a">CU</subfield>
    <subfield code="b">LAW2</subfield>
    <subfield code="d">2026-01-04</subfield>
    <subfield code="l">0</subfield>
    <subfield code="o">Law2 10 343.433 &#x645; &#x62D; . &#x62C; ed 1 - 1978 1006769 C3</subfield>
    <subfield code="p">B10-06769</subfield>
    <subfield code="r">2026-01-04 22:02:37</subfield>
    <subfield code="t">3</subfield>
    <subfield code="w">2026-01-04</subfield>
    <subfield code="y">BK</subfield>
  </datafield>
</record>
